<?xml version="1.0" encoding="UTF-8"?>
<record
    xmlns:xsi="http://www.w3.org/2001/XMLSchema-instance"
    xsi:schemaLocation="http://www.loc.gov/MARC21/slim http://www.loc.gov/standards/marcxml/schema/MARC21slim.xsd"
    xmlns="http://www.loc.gov/MARC21/slim">

  <leader>00911nam a22001697a 4500</leader>
  <controlfield tag="003">SGT</controlfield>
  <datafield tag="020" ind1=" " ind2=" ">
    <subfield code="a">9780195690873</subfield>
  </datafield>
  <datafield tag="082" ind1=" " ind2=" ">
    <subfield code="a">658.5 BED</subfield>
  </datafield>
  <datafield tag="100" ind1=" " ind2=" ">
    <subfield code="a">BEDI, KANISHKA</subfield>
  </datafield>
  <datafield tag="245" ind1=" " ind2=" ">
    <subfield code="a">PRODUCTION AND OPERATIONS MANAGEMENT </subfield>
  </datafield>
  <datafield tag="250" ind1=" " ind2=" ">
    <subfield code="a">2ND </subfield>
  </datafield>
  <datafield tag="260" ind1=" " ind2=" ">
    <subfield code="a">NEW DELHI </subfield>
    <subfield code="b">OXFORD</subfield>
    <subfield code="c">2013</subfield>
  </datafield>
  <datafield tag="300" ind1=" " ind2=" ">
    <subfield code="a">753</subfield>
  </datafield>
  <datafield tag="650" ind1=" " ind2=" ">
    <subfield code="a">PRODUCTION AND OPERATIONS MANAGEMENT </subfield>
  </datafield>
  <datafield tag="653" ind1=" " ind2=" ">
    <subfield code="a">  INTRODUCTION TO PRODUCTION AND OPERATIONS MANAGEMENT . SERVICE OPERATIONS MANAGEMENT . OUTSOURCING AND OFF SHORING . FACILITY LOCATION PLANNING . FACILITY CAPACITY AND LAYOUT PLANNING . PROJECT MANAGEMENT . INVENTORY MANAGEMENT . MATERIALS REQUIREMENT PLANNING, JUST-IN-TIME, AND SUPPLY CHAIN MANAGEMENT . TOTAL PRODUCTIVE MAINTENANCE . AGGREGATE PLANNING . WORK DESIGN  OPERATIONS SCHEDULING . QUALITY MANAGEMENT . DEMAND FORECASTING . OPERATIONS STRATEGIES ANSWERS TO NUMERICAL PROBLEMS APPENDIX: STATISTICAL TABLES</subfield>
  </datafield>
  <datafield tag="942" ind1=" " ind2=" ">
    <subfield code="2">ddc</subfield>
    <subfield code="c">FCM</subfield>
    <subfield code="0">20</subfield>
  </datafield>
  <datafield tag="952" ind1=" " ind2=" ">
    <subfield code="0">0</subfield>
    <subfield code="1">0</subfield>
    <subfield code="2">ddc</subfield>
    <subfield code="4">0</subfield>
    <subfield code="7">0</subfield>
    <subfield code="8">CM</subfield>
    <subfield code="a">SSSL</subfield>
    <subfield code="b">SSSL</subfield>
    <subfield code="c">TXT</subfield>
    <subfield code="d">2016-06-02</subfield>
    <subfield code="e">KIRTI PRKASHAN</subfield>
    <subfield code="g">495.00</subfield>
    <subfield code="i">SGTU</subfield>
    <subfield code="l">19</subfield>
    <subfield code="o">658.5</subfield>
    <subfield code="p">CM605</subfield>
    <subfield code="r">2025-01-17 00:00:00</subfield>
    <subfield code="s">2024-12-30</subfield>
    <subfield code="w">2015-03-05</subfield>
    <subfield code="y">FCM</subfield>
    <subfield code="k">2308</subfield>
  </datafield>
  <datafield tag="952" ind1=" " ind2=" ">
    <subfield code="0">0</subfield>
    <subfield code="1">0</subfield>
    <subfield code="2">ddc</subfield>
    <subfield code="4">0</subfield>
    <subfield code="7">0</subfield>
    <subfield code="8">CM</subfield>
    <subfield code="a">SSSL</subfield>
    <subfield code="b">SSSL</subfield>
    <subfield code="c">TXT</subfield>
    <subfield code="d">2016-06-02</subfield>
    <subfield code="e">KIRTI PRKASHAN</subfield>
    <subfield code="g">495.00</subfield>
    <subfield code="i">SGTU</subfield>
    <subfield code="l">7</subfield>
    <subfield code="o">658.5</subfield>
    <subfield code="p">CM606</subfield>
    <subfield code="r">2025-01-16 00:00:00</subfield>
    <subfield code="s">2025-01-15</subfield>
    <subfield code="w">2015-05-03</subfield>
    <subfield code="y">FCM</subfield>
    <subfield code="k">2308</subfield>
  </datafield>
  <datafield tag="999" ind1=" " ind2=" ">
    <subfield code="c">8902</subfield>
    <subfield code="d">8902</subfield>
  </datafield>
</record>
